[Event "GX Alekhine Open de Outono semi-rápidas"]
[Site "Lisboa, Portugal"]
[Date "????.??.??"]
[Round "1.1"]
[White "Santos, Joao Milagre Martins Mendonca Dos"]
[Black "Morais, Vitor Mestre"]
[Result "0-1"]
[WhiteElo "1287"]
[BlackElo "1772"]
[PlyCount "44"]

{[%evp 0,44,22,16,44,60,71,43,33,38,38,9,-19,-17,-17,-62,-65,-42,-35,-36,-14,-15,16,-1,34,61,55,28,25,38,32,-88,-98,-121,-72,-77,-77,-107,-121,-166,-142,-213,-130,-174,-169,-1201,-1206]} 1. e4 c5 {[%emt 0:00:02]} 2. Nf3 {[%emt 0:00:02]} a6 3. c3 {[%emt 0:00:02]} d5 {[%emt 0:00:07]} 4. exd5 {[%emt 0:01:08]} Qxd5 {[%emt 0:00:03]} 5. c4 {[%emt 0:00:02]} Qd6 {[%emt 0:00:13]} 6. Nc3 {[%emt 0:00:09]} Nf6 {[%emt 0:00:20]} 7. g3 {[%emt 0:00:21]} Nc6 {[%emt 0:00:02]} 8. d3 {[%emt 0:00:05]} Bg4 {[%emt 0:00:05]} 9. Bg2 {[%emt 0:00:53]} e6 {[%emt 0:00:12]} 10. Bf4 {[%emt 0:00:07]} Qd8 {[%emt 0:00:49]} 11. O-O {[%emt 0:00:04]} Be7 {[%emt 0:00:01]} 12. Qb3 {[%emt 0:00:13]} Ra7 {[%emt 0:00:53]} 13. Ne5 {[%emt 0:00:31]} Nxe5 {[%emt 0:00:08]} 14. Bxe5 {[%emt 0:00:04]} O-O {[%emt 0:00:09]} 15. Rad1 {[%emt 0:00:24]} Bxd1 {[%emt 0:00:13]} 16. Rxd1 {[%emt 0:00:03]} Nd7 {[%emt 0:00:02]} 17. Bf4 {[%emt 0:00:09]} Bf6 {[%emt 0:00:12]} 18. Ne4 {[%emt 0:00:22]} Bd4 {[%emt 0:00:02]} 19. Nd6 {[%emt 0:00:14]} e5 {[%emt 0:00:53]} 20. Bc1 {[%emt 0:00:56]} b6 {[%emt 0:00:02]} 21. Kh1 {[%emt 0:01:15]} Nf6 {[%emt 0:00:19]} 22. Qxb6 {[%emt 0:01:06]} Qxb6 {[%emt 0:01:32]} 0-1

[Event "GX Alekhine Open de Outono semi-rápidas"]
[Site "Lisboa, Portugal"]
[Date "????.??.??"]
[Round "1.3"]
[White "Ferreira, Rafael Henrique Puryrycheva"]
[Black "Alexandre, Jose Antonio Duarte"]
[Result "0-1"]
[WhiteElo "1224"]
[BlackElo "1608"]
[PlyCount "52"]

{[%evp 0,52,19,38,25,16,14,26,-11,7,31,29,20,20,35,52,56,-19,-28,-48,23,35,32,-803,-814,-1043,-1036,-1196,-1153,-1175,-755,-771,-771,-871,-807,-1338,-1415,-1414,-1437,-1437,-1483,-29985,-29986,-29987,-29988,-29995,-29990,-29991,-2188,-29991,-29992,-29993,-29990,-29999,-30000]} 1. e4 e5 {[%emt 0:00:03]} 2. Nf3 {[%emt 0:00:03]} Nc6 {[%emt 0:00:03]} 3. d4 {[%emt 0:00:02]} exd4 {[%emt 0:00:22]} 4. Nxd4 {[%emt 0:00:03]} Bc5 {[%emt 0:00:07]} 5. Be3 {[%emt 0:00:03]} Qf6 {[%emt 0:00:05]} 6. c3 {[%emt 0:00:17]} a6 {[%emt 0:00:58]} 7. Bc4 {[%emt 0:01:29]} Nge7 {[%emt 0:00:47]} 8. Nxc6 {[%emt 0:02:07]} Bxe3 {[%emt 0:00:48]} 9. fxe3 {[%emt 0:01:03]} Qh4+ {[%emt 0:02:01]} 10. g3 {[%emt 0:00:35]} Qxe4 {[%emt 0:00:33]} 11. Qb3 {[%emt 0:02:49]} Qxh1+ {[%emt 0:01:23]} 12. Kf2 {[%emt 0:00:03]} Qxh2+ {[%emt 0:01:50]} 13. Kf1 {[%emt 0:01:22]} Qh1+ {[%emt 0:04:15]} 14. Kf2 {[%emt 0:00:49]} Qxc6 {[%emt 0:00:08]} 15. Bxf7+ {[%emt 0:00:12]} Kd8 {[%emt 0:00:13]} 16. Na3 {[%emt 0:01:09]} Rf8 {[%emt 0:00:20]} 17. Ke2 {[%emt 0:00:26]} Qg2+ {[%emt 0:01:21]} 18. Kd3 {[%emt 0:00:22]} d5 {[%emt 0:01:05]} 19. Bxd5 {[%emt 0:03:00]} Nxd5 {[%emt 0:02:54]} 20. e4 {[%emt 0:01:42]} Rf3+ {[%emt 0:01:47]} 21. Kd4 {[%emt 0:00:38]} Qd2+ {[%emt 0:01:29]} 22. Ke5 {[%emt 0:00:12]} Qg5+ {[%emt 0:00:30]} 23. Kd4 {[%emt 0:00:21]} c5+ {[%emt 0:00:21]} 24. Kc4 {[%emt 0:00:52]} Ne3+ {[%emt 0:00:39]} 25. Kd3 {[%emt 0:00:38]} Nf5+ {[%emt 0:01:09]} 26. Kc4 {[%emt 0:00:36]} Nd6# {[%emt 0:00:23]} 0-1

[Event "GX Alekhine Open de Outono semi-rápidas"]
[Site "Lisboa, Portugal"]
[Date "????.??.??"]
[Round "1.4"]
[White "Prazeres, Joao Pires De Azevedo Teixeira Dos"]
[Black "Ferreira, Diogo Mikhail Puryrycheva"]
[Result "1-0"]
[WhiteElo "1545"]
[BlackElo "1219"]
[PlyCount "27"]

{[%evp 0,27,30,2,70,76,65,64,49,30,37,22,70,60,71,75,108,105,98,93,165,166,572,522,514,540,526,531,29999,-30000]} 1. e4 {[%emt 0:00:05]} Nf6 {[%emt 0:00:02]} 2. e5 {[%emt 0:00:55]} Nd5 {[%emt 0:00:01]} 3. c4 {[%emt 0:00:04]} Nb6 {[%emt 0:00:01]} 4. Nc3 {[%emt 0:00:34]} d6 {[%emt 0:00:41]} 5. exd6 {[%emt 0:00:03]} cxd6 {[%emt 0:00:02]} 6. d4 {[%emt 0:00:06]} e6 {[%emt 0:01:30]} 7. Nf3 {[%emt 0:00:18]} d5 {[%emt 0:00:29]} 8. c5 {[%emt 0:00:13]} N6d7 9. Bf4 {[%emt 0:00:19]} b6 {[%emt 0:01:07]} 10. Nb5 {[%emt 0:02:34]} Bb7 {[%emt 0:03:41]} 11. Nc7+ {[%emt 0:00:21]} Ke7 {[%emt 0:00:02]} 12. Bd6+ {[%emt 0:00:04]} Kf6 {[%emt 0:00:25]} 13. Qd2 {[%emt 0:00:55]} Bxd6 {[%emt 0:01:22]} 14. Qg5# {[%emt 0:00:03]} 1-0

[Event "GX Alekhine Open de Outono semi-rápidas"]
[Site "Lisboa, Portugal"]
[Date "????.??.??"]
[Round "2.1"]
[White "Morais, Vitor Mestre"]
[Black "Teixeira, Rafael Ikhouane Santos"]
[Result "1-0"]
[WhiteElo "1772"]
[BlackElo "1416"]
[PlyCount "91"]

1. c4 c5 {[%emt 0:00:22]} 2. Nc3 {[%emt 0:00:01]} Nf6 {[%emt 0:00:03]} 3. g3 {[%emt 0:00:02]} e6 {[%emt 0:00:03]} 4. Bg2 {[%emt 0:00:01]} Nc6 {[%emt 0:00:05]} 5. e3 {[%emt 0:00:02]} d5 {[%emt 0:00:17]} 6. cxd5 {[%emt 0:00:03]} exd5 {[%emt 0:00:06]} 7. d4 {[%emt 0:00:19]} cxd4 {[%emt 0:00:09]} 8. exd4 Bb4 {[%emt 0:00:13]} 9. Nge2 {[%emt 0:00:03]} h6 {[%emt 0:00:16]} 10. O-O {[%emt 0:00:02]} O-O {[%emt 0:00:05]} 11. Nf4 {[%emt 0:00:06]} Be6 {[%emt 0:01:31]} 12. a3 {[%emt 0:00:03]} Bxc3 {[%emt 0:00:06]} 13. bxc3 {[%emt 0:00:01]} Na5 {[%emt 0:00:16]} 14. h3 {[%emt 0:00:10]} Rc8 {[%emt 0:00:07]} 15. Bd2 {[%emt 0:00:04]} Nc4 {[%emt 0:00:21]} 16. Re1 {[%emt 0:00:32]} Qd7 {[%emt 0:00:06]} 17. Nxe6 {[%emt 0:00:02]} fxe6 {[%emt 0:00:03]} 18. Bf4 {[%emt 0:00:06]} Qf7 {[%emt 0:02:30]} 19. Qe2 {[%emt 0:00:08]} Rc6 {[%emt 0:00:29]} 20. Rec1 {[%emt 0:00:52]} Nd7 {[%emt 0:00:45]} 21. Ra2 {[%emt 0:00:24]} Qf5 {[%emt 0:00:26]} 22. Be3 {[%emt 0:01:12]} Nf6 {[%emt 0:00:35]} 23. Bf4 {[%emt 0:00:44]} Ra6 {[%emt 0:01:29]} 24. a4 {[%emt 0:00:06]} g5 {[%emt 0:00:32]} 25. Be3 {[%emt 0:00:32]} Ne4 {[%emt 0:00:39]} 26. g4 {[%emt 0:01:46]} Qg6 {[%emt 0:00:32]} 27. Qd3 {[%emt 0:00:30]} Ncd6 {[%emt 0:00:41]} 28. f3 {[%emt 0:00:29]} Rc6 {[%emt 0:01:41]} 29. fxe4 {[%emt 0:00:03]} dxe4 {[%emt 0:00:05]} 30. Qe2 {[%emt 0:00:20]} Rfc8 {[%emt 0:00:24]} 31. Bd2 {[%emt 0:00:18]} R6c7 {[%emt 0:00:47]} 32. Rf1 {[%emt 0:00:07]} Kh8 {[%emt 0:00:58]} 33. Raa1 {[%emt 0:01:09]} Rc4 {[%emt 0:00:34]} 34. Qf2 {[%emt 0:00:28]} Kg7 {[%emt 0:00:26]} 35. Qg3 {[%emt 0:00:17]} Nf7 {[%emt 0:00:26]} 36. Qe3 {[%emt 0:00:13]} Nd6 {[%emt 0:00:23]} 37. Rf2 {[%emt 0:00:15]} b6 {[%emt 0:00:51]} 38. a5 {[%emt 0:00:14]} b5 {[%emt 0:00:14]} 39. Re1 {[%emt 0:00:31]} Ra4 {[%emt 0:01:31]} 40. Bxe4 {[%emt 0:00:15]} Nxe4 {[%emt 0:00:03]} 41. Qxe4 {[%emt 0:00:01]} Qxe4 {[%emt 0:00:23]} 42. Rxe4 Rxa5 {[%emt 0:00:21]} 43. Rxe6 {[%emt 0:00:02]} Rc7 {[%emt 0:00:12]} 44. Rfe2 {[%emt 0:00:38]} Kf7 {[%emt 0:00:11]} 45. Rxh6 {[%emt 0:00:07]} Ra2 {[%emt 0:00:22]} 46. Rh7+ {[%emt 0:00:03]} 1-0

[Event "GX Alekhine Open de Outono semi-rápidas"]
[Site "Lisboa, Portugal"]
[Date "????.??.??"]
[Round "2.2"]
[White "Marques, Miguel Alexandre Gomes"]
[Black "Silva, Lourenco Santa Clara Costa Rebelo Da"]
[Result "1/2-1/2"]
[WhiteElo "1454"]
[BlackElo "1709"]
[PlyCount "104"]

{[%evp 0,104,30,31,60,6,18,15,4,20,18,21,30,-7,-15,-9,1,-14,-1,-7,2,17,3,14,37,19,34,34,57,30,24,52,55,16,37,1,51,36,25,25,86,69,69,73,80,127,113,92,92,95,92,41,60,0,0,0,317,197,140,115,193,130,128,80,84,76,69,60,83,63,78,64,139,159,158,151,165,132,119,116,110,62,69,54,101,104,130,42,35,40,40,40,40,38,48,39,48,33,33,0,0,0,0,0,0,0,0]} 1. e4 c5 {[%emt 0:00:03]} 2. c3 {[%emt 0:00:02]} Nf6 {[%emt 0:00:04]} 3. e5 {[%emt 0:00:07]} Nd5 {[%emt 0:00:02]} 4. d4 {[%emt 0:00:07]} cxd4 {[%emt 0:00:02]} 5. cxd4 {[%emt 0:00:05]} d6 {[%emt 0:00:05]} 6. exd6 {[%emt 0:00:15]} e6 {[%emt 0:00:09]} 7. Nf3 {[%emt 0:00:47]} Bxd6 {[%emt 0:00:04]} 8. Bc4 {[%emt 0:00:45]} Nb6 {[%emt 0:01:55]} 9. Bb3 {[%emt 0:00:24]} O-O {[%emt 0:00:07]} 10. O-O {[%emt 0:00:17]} Nc6 {[%emt 0:00:26]} 11. Nc3 {[%emt 0:01:19]} Nb4 {[%emt 0:01:38]} 12. a3 {[%emt 0:02:00]} N4d5 {[%emt 0:00:01]} 13. Re1 {[%emt 0:00:56]} h6 {[%emt 0:00:29]} 14. Qd3 {[%emt 0:01:16]} Bd7 {[%emt 0:00:39]} 15. Bd2 {[%emt 0:00:30]} Rc8 {[%emt 0:00:21]} 16. Nb5 {[%emt 0:01:25]} Bb8 {[%emt 0:00:53]} 17. Rac1 {[%emt 0:00:51]} a6 {[%emt 0:02:01]} 18. Nc3 {[%emt 0:00:21]} Bc6 {[%emt 0:00:40]} 19. Ne5 {[%emt 0:01:07]} Nxc3 {[%emt 0:02:35]} 20. bxc3 {[%emt 0:01:28]} Bxe5 {[%emt 0:01:25]} 21. Rxe5 {[%emt 0:00:25]} Nd5 {[%emt 0:00:36]} 22. Bc2 {[%emt 0:02:36]} Nf6 {[%emt 0:00:11]} 23. Qg3 {[%emt 0:01:57]} Kh8 {[%emt 0:00:23]} 24. Qh3 {[%emt 0:00:52]} Ng8 {[%emt 0:00:59]} 25. Rh5 {[%emt 0:00:58]} f5 {[%emt 0:08:23]} 26. Bxh6 {[%emt 0:05:10]} Nxh6 {[%emt 0:01:17]} 27. Rxh6+ {[%emt 0:00:08]} Kg8 {[%emt 0:00:35]} 28. Rh8+ {[%emt 0:00:23]} Kf7 {[%emt 0:00:02]} 29. Qh5+ {[%emt 0:00:18]} Ke7 {[%emt 0:00:21]} 30. Qg5+ {[%emt 0:00:23]} Kf7 {[%emt 0:00:19]} 31. Qxd8 {[%emt 0:00:29]} Rfxd8 {[%emt 0:00:13]} 32. Rxd8 {[%emt 0:00:07]} Rxd8 33. Bb3 {[%emt 0:00:11]} Bd5 {[%emt 0:00:09]} 34. Bxd5 {[%emt 0:00:13]} Rxd5 {[%emt 0:00:05]} 35. Rb1 {[%emt 0:00:42]} Ra5 36. Rxb7+ {[%emt 0:00:08]} Kf6 37. Rb3 {[%emt 0:00:07]} Ra4 {[%emt 0:00:12]} 38. f4 {[%emt 0:00:09]} Rc4 {[%emt 0:00:35]} 39. Kf2 {[%emt 0:00:25]} a5 40. Rb5 {[%emt 0:00:20]} Rxc3 {[%emt 0:00:32]} 41. Rxa5 {[%emt 0:00:02]} Rd3 {[%emt 0:00:33]} 42. Ra4 {[%emt 0:00:07]} Kf7 {[%emt 0:00:07]} 43. Rc4 {[%emt 0:00:07]} Rxa3 {[%emt 0:00:03]} 44. h3 {[%emt 0:00:02]} Kf6 {[%emt 0:00:06]} 45. Ke2 {[%emt 0:00:42]} Rg3 {[%emt 0:00:05]} 46. Kf2 {[%emt 0:00:06]} Ra3 {[%emt 0:00:01]} 47. Rb4 {[%emt 0:00:29]} Rd3 {[%emt 0:00:05]} 48. g3 {[%emt 0:00:43]} Ra3 {[%emt 0:00:16]} 49. Kg2 {[%emt 0:00:23]} Ra2+ {[%emt 0:00:02]} 50. Kf3 {[%emt 0:00:01]} Ra3+ {[%emt 0:00:02]} 51. Kf2 {[%emt 0:00:05]} Ra2+ {[%emt 0:00:02]} 52. Kf3 {[%emt 0:00:24]} Ra3+ {[%emt 0:00:02]} 1/2-1/2

[Event "GX Alekhine Open de Outono semi-rápidas"]
[Site "Lisboa, Portugal"]
[Date "????.??.??"]
[Round "2.3"]
[White "Alexandre, Jose Antonio Duarte"]
[Black "Ferreira, Vasco Capitao Mendes"]
[Result "0-1"]
[WhiteElo "1608"]
[BlackElo "1401"]
[PlyCount "190"]

{[%evp 0,190,31,31,47,36,42,32,55,50,39,35,14,4,91,81,129,72,54,51,48,40,30,12,34,33,39,32,42,14,5,0,141,134,134,138,145,61,62,63,106,92,87,95,98,90,97,92,99,95,105,91,100,78,153,85,85,91,103,85,97,37,224,224,288,21,36,22,54,57,96,79,85,77,81,71,77,56,73,34,39,32,61,48,82,81,118,122,115,84,118,123,120,121,122,120,122,114,115,106,116,116,110,110,110,110,110,110,115,116,273,105,102,22,25,23,18,3,0,-4,-3,-6,-4,-8,-6,-7,-5,-5,-6,-6,-5,-7,-7,-7,-3,-4,-3,-3,-3,-3,-3,-7,-4,-341,-343,-338,-338,-338,-346,-358,-358,-362,-362,-359,-344,-360,-345,-351,-358,-360,-360,-359,-336,-334,-345,-418,-425,-497,-526,-580,-580,-582,-659,-797,-807,-807,-807,-807,-817,-817,-837,-1292,-1312,-1540,-797,-797,-837,-1789,-787,-29983,-29986,-29989,-29988]} 1. e4 {[%emt 0:00:04]} e6 {[%emt 0:00:01]} 2. d4 {[%emt 0:00:20]} d5 {[%emt 0:00:07]} 3. Nc3 {[%emt 0:00:59]} Nf6 {[%emt 0:00:08]} 4. e5 {[%emt 0:00:11]} Nfd7 {[%emt 0:00:08]} 5. Nf3 {[%emt 0:00:17]} c5 {[%emt 0:00:45]} 6. Bg5 {[%emt 0:00:41]} f6 {[%emt 0:01:53]} 7. exf6 {[%emt 0:00:21]} Nxf6 {[%emt 0:00:23]} 8. Ne5 {[%emt 0:00:41]} Nc6 {[%emt 0:01:43]} 9. Bb5 {[%emt 0:00:55]} Bd7 {[%emt 0:01:10]} 10. Bxc6 {[%emt 0:02:04]} bxc6 {[%emt 0:01:04]} 11. O-O {[%emt 0:04:48]} cxd4 {[%emt 0:02:05]} 12. Qxd4 {[%emt 0:01:50]} Be7 {[%emt 0:00:58]} 13. Na4 {[%emt 0:04:46]} O-O {[%emt 0:03:57]} 14. Nc5 {[%emt 0:02:11]} Bxc5 {[%emt 0:00:40]} 15. Qxc5 {[%emt 0:00:05]} Ne4 {[%emt 0:00:46]} 16. Bxd8 {[%emt 0:01:48]} Nxc5 {[%emt 0:00:18]} 17. Be7 {[%emt 0:00:37]} Rf5 {[%emt 0:00:13]} 18. Bxc5 {[%emt 0:01:44]} Rxe5 {[%emt 0:00:04]} 19. Rae1 {[%emt 0:00:15]} Rg5 {[%emt 0:02:52]} 20. f4 {[%emt 0:00:26]} Rf5 {[%emt 0:01:02]} 21. g4 {[%emt 0:00:14]} Rf7 {[%emt 0:00:14]} 22. h3 {[%emt 0:00:44]} Rb8 {[%emt 0:00:40]} 23. b3 {[%emt 0:00:10]} Rb5 {[%emt 0:00:58]} 24. b4 {[%emt 0:00:03]} a5 {[%emt 0:02:31]} 25. a4 {[%emt 0:00:12]} Rb8 {[%emt 0:00:09]} 26. c3 {[%emt 0:00:09]} d4 {[%emt 0:01:40]} 27. Bxd4 {[%emt 0:01:49]} axb4 {[%emt 0:00:10]} 28. a5 {[%emt 0:00:12]} bxc3 {[%emt 0:01:44]} 29. Bxc3 {[%emt 0:00:08]} c5 {[%emt 0:00:33]} 30. a6 {[%emt 0:00:10]} Bb5 {[%emt 0:00:31]} 31. Rb1 {[%emt 0:00:21]} Ra7 {[%emt 0:00:29]} 32. Rfe1 {[%emt 0:00:11]} Rxa6 {[%emt 0:00:08]} 33. Re5 {[%emt 0:00:17]} Rab6 {[%emt 0:00:15]} 34. Rxc5 {[%emt 0:00:11]} Ba6 {[%emt 0:00:08]} 35. Rc1 {[%emt 0:00:12]} Rb1 {[%emt 0:00:03]} 36. Be5 {[%emt 0:00:05]} Rxc1+ {[%emt 0:00:10]} 37. Rxc1 Rc8 {[%emt 0:00:15]} 38. Ra1 {[%emt 0:00:07]} Bb7 {[%emt 0:00:02]} 39. Rb1 {[%emt 0:00:03]} Be4 {[%emt 0:00:04]} 40. Ra1 {[%emt 0:00:05]} g6 {[%emt 0:00:07]} 41. Ra7 {[%emt 0:00:02]} Rc1+ {[%emt 0:00:15]} 42. Kf2 {[%emt 0:00:01]} Rc2+ {[%emt 0:00:27]} 43. Ke3 {[%emt 0:00:02]} Bd5 {[%emt 0:00:01]} 44. Rd7 {[%emt 0:00:07]} Ra2 {[%emt 0:00:10]} 45. Rg7+ {[%emt 0:00:03]} Kf8 46. Rxh7 {[%emt 0:00:04]} Ra3+ {[%emt 0:00:05]} 47. Kd4 {[%emt 0:00:02]} Ra4+ {[%emt 0:00:14]} 48. Kc5 {[%emt 0:00:02]} Rc4+ {[%emt 0:00:02]} 49. Kb6 {[%emt 0:00:13]} Rb4+ {[%emt 0:00:35]} 50. Kc5 {[%emt 0:00:04]} Rc4+ {[%emt 0:00:01]} 51. Kb5 {[%emt 0:00:14]} Rc2 {[%emt 0:00:17]} 52. Rg7 {[%emt 0:00:08]} Be4 {[%emt 0:00:17]} 53. Ra7 {[%emt 0:00:16]} Bd3+ {[%emt 0:00:10]} 54. Kb6 {[%emt 0:00:09]} Rh2 {[%emt 0:00:12]} 55. Bd6+ {[%emt 0:00:22]} Kg8 {[%emt 0:00:08]} 56. f5 {[%emt 0:00:13]} Rb2+ {[%emt 0:00:02]} 57. Kc5 {[%emt 0:00:05]} exf5 {[%emt 0:00:05]} 58. gxf5 {[%emt 0:00:05]} Bxf5 {[%emt 0:00:02]} 59. Be7 {[%emt 0:00:13]} Bxh3 {[%emt 0:00:13]} 60. Ra3 {[%emt 0:00:17]} Bf5 {[%emt 0:00:17]} 61. Re3 {[%emt 0:00:15]} Rc2+ {[%emt 0:00:05]} 62. Kd4 {[%emt 0:00:02]} Kf7 {[%emt 0:00:15]} 63. Bg5 {[%emt 0:00:06]} Rc7 {[%emt 0:00:06]} 64. Re5 {[%emt 0:00:06]} Rd7+ {[%emt 0:00:07]} 65. Ke3 {[%emt 0:00:04]} Rd3+ {[%emt 0:00:07]} 66. Kf4 {[%emt 0:00:04]} Rd1 {[%emt 0:00:14]} 67. Re7+ {[%emt 0:00:06]} Kg8 {[%emt 0:00:01]} 68. Re8+ {[%emt 0:00:06]} Kf7 {[%emt 0:00:04]} 69. Re7+ {[%emt 0:00:02]} Kf8 {[%emt 0:00:01]} 70. Re3 {[%emt 0:00:06]} Rf1+ {[%emt 0:00:08]} 71. Kg3 {[%emt 0:00:03]} Rg1+ {[%emt 0:00:25]} 72. Kf4 {[%emt 0:00:08]} Rg4+ {[%emt 0:00:02]} 73. Ke5 {[%emt 0:00:02]} Rxg5 {[%emt 0:00:03]} 74. Kf6 {[%emt 0:00:01]} Rg1 {[%emt 0:00:27]} 75. Re7 Rf1 {[%emt 0:00:18]} 76. Rf7+ {[%emt 0:00:07]} Kg8 {[%emt 0:00:01]} 77. Rg7+ {[%emt 0:00:08]} Kh8 {[%emt 0:00:06]} 78. Ra7 {[%emt 0:00:06]} Bd3+ {[%emt 0:00:07]} 79. Kg5 {[%emt 0:00:08]} Rg1+ {[%emt 0:00:08]} 80. Kf6 {[%emt 0:00:02]} g5 {[%emt 0:00:18]} 81. Rd7 {[%emt 0:00:06]} Bb1 {[%emt 0:00:11]} 82. Rd8+ {[%emt 0:00:16]} Kh7 {[%emt 0:00:02]} 83. Rd7+ {[%emt 0:00:02]} Kh6 {[%emt 0:00:01]} 84. Rd8 {[%emt 0:00:09]} Rf1+ {[%emt 0:00:07]} 85. Ke5 {[%emt 0:00:03]} g4 {[%emt 0:00:07]} 86. Rh8+ {[%emt 0:00:03]} Kg5 {[%emt 0:00:05]} 87. Rg8+ {[%emt 0:00:05]} Bg6 {[%emt 0:00:05]} 88. Rh8 {[%emt 0:00:09]} g3 {[%emt 0:00:02]} 89. Rh3 {[%emt 0:00:06]} Kg4 {[%emt 0:00:13]} 90. Rh6 {[%emt 0:00:02]} Bh5 {[%emt 0:00:19]} 91. Rh8 {[%emt 0:00:06]} g2 {[%emt 0:00:06]} 92. Rg8+ {[%emt 0:00:02]} Kh3 {[%emt 0:00:02]} 93. Rg5 {[%emt 0:00:03]} g1=Q {[%emt 0:00:13]} 94. Rxh5+ {[%emt 0:00:01]} Kg4 {[%emt 0:00:02]} 95. Rh8 {[%emt 0:00:03]} Qe3+ {[%emt 0:00:03]} 0-1

[Event "GX Alekhine Open de Outono semi-rápidas"]
[Site "Lisboa, Portugal"]
[Date "????.??.??"]
[Round "2.4"]
[White "Curcialeiro, Afonso Dinis Pereira Dos Santos"]
[Black "Prazeres, Joao Pires De Azevedo Teixeira Dos"]
[Result "1/2-1/2"]
[WhiteElo "1404"]
[BlackElo "1545"]
[PlyCount "65"]

{[%evp 0,65,31,38,60,67,67,11,23,18,41,40,46,42,51,-13,-12,-7,21,17,5,3,3,-18,12,19,17,0,-11,-11,-9,-81,-85,-75,-86,-77,-93,-71,-105,-71,-38,-113,-89,-102,-99,-91,-92,-83,-88,-85,-62,-58,-26,-54,-24,-132,29,-71,436,27,42,-60,62,15,62,62,39,12]} 1. e4 {[%emt 0:00:02]} c5 {[%emt 0:00:02]} 2. Nf3 {[%emt 0:00:02]} Nc6 {[%emt 0:00:02]} 3. d4 {[%emt 0:00:03]} cxd4 {[%emt 0:00:02]} 4. Nxd4 {[%emt 0:00:03]} Nf6 {[%emt 0:00:02]} 5. Nc3 {[%emt 0:00:03]} e5 {[%emt 0:00:02]} 6. Ndb5 {[%emt 0:00:04]} d6 {[%emt 0:00:02]} 7. Bg5 {[%emt 0:00:06]} a6 {[%emt 0:00:02]} 8. Na3 {[%emt 0:00:04]} b5 {[%emt 0:00:02]} 9. Nd5 {[%emt 0:00:25]} Be7 {[%emt 0:00:01]} 10. Bxf6 {[%emt 0:00:05]} Bxf6 {[%emt 0:00:01]} 11. c4 {[%emt 0:00:03]} b4 {[%emt 0:00:13]} 12. Nc2 {[%emt 0:00:02]} O-O {[%emt 0:00:48]} 13. Ncxb4 {[%emt 0:03:04]} Nxb4 {[%emt 0:00:15]} 14. Nxb4 {[%emt 0:00:04]} Qb6 {[%emt 0:00:29]} 15. Nd3 {[%emt 0:02:48]} Qd4 {[%emt 0:00:12]} 16. Be2 {[%emt 0:02:54]} Qxe4 {[%emt 0:05:46]} 17. O-O {[%emt 0:03:33]} Rb8 {[%emt 0:01:46]} 18. b3 {[%emt 0:01:45]} Qg6 {[%emt 0:03:09]} 19. Ne1 {[%emt 0:03:46]} Rd8 {[%emt 0:04:49]} 20. Rc1 {[%emt 0:02:25]} Bb7 {[%emt 0:01:26]} 21. Qd3 {[%emt 0:01:37]} e4 {[%emt 0:02:52]} 22. Qg3 {[%emt 0:00:03]} Qh6 {[%emt 0:00:08]} 23. Nc2 {[%emt 0:00:54]} Be5 {[%emt 0:00:19]} 24. Qh3 {[%emt 0:00:46]} Qg5 {[%emt 0:01:57]} 25. Qg4 {[%emt 0:01:16]} Qf6 {[%emt 0:01:32]} 26. Rcd1 {[%emt 0:02:01]} Bf4 27. Qh5 {[%emt 0:00:25]} Bc8 28. Bg4 {[%emt 0:00:57]} Bf5 29. Qh3 {[%emt 0:01:26]} Bg6 30. Nd4 {[%emt 0:01:24]} Re8 31. Bd7 Rf8 32. Nc6 Rb7 33. Nd4 {[%emt 0:01:03]} 1/2-1/2

[Event "GX Alekhine Open de Outono semi-rápidas"]
[Site "Lisboa, Portugal"]
[Date "????.??.??"]
[Round "3.1"]
[White "Seia, Joao Manuel Barradas Aragao"]
[Black "Morais, Vitor Mestre"]
[Result "0-1"]
[WhiteElo "1466"]
[BlackElo "1772"]
[PlyCount "66"]

{[%evp 0,66,31,45,67,54,87,43,49,49,61,32,23,27,17,-25,22,8,-1,-9,23,-8,-2,-13,4,11,14,-39,-13,-17,10,-23,-40,-50,-36,-102,-47,-90,-100,-91,-19,-135,-119,-229,-178,-186,-157,-171,-71,-152,-100,-252,-93,-333,-333,-610,-614,-678,-713,-827,-420,-569,-416,-1622,-1959,-29995,-29996,-29999,-30000]} 1. e4 {[%emt 0:00:02]} c5 {[%emt 0:00:02]} 2. Nf3 {[%emt 0:00:02]} a6 3. d4 {[%emt 0:00:04]} cxd4 {[%emt 0:00:05]} 4. Nxd4 {[%emt 0:00:03]} Nf6 {[%emt 0:00:03]} 5. Nc3 {[%emt 0:00:02]} e5 {[%emt 0:00:03]} 6. Nf3 {[%emt 0:01:06]} Bb4 {[%emt 0:00:02]} 7. Bd3 {[%emt 0:00:31]} O-O {[%emt 0:00:37]} 8. Bd2 {[%emt 0:00:39]} d6 {[%emt 0:00:12]} 9. h3 {[%emt 0:00:25]} Nc6 {[%emt 0:00:23]} 10. O-O {[%emt 0:00:56]} Be6 {[%emt 0:00:28]} 11. a3 {[%emt 0:00:45]} Bc5 {[%emt 0:00:31]} 12. Bg5 {[%emt 0:02:31]} h6 {[%emt 0:00:01]} 13. Bd2 {[%emt 0:00:15]} Ne7 {[%emt 0:00:12]} 14. Qe2 {[%emt 0:00:22]} Ng6 {[%emt 0:00:05]} 15. Rad1 {[%emt 0:00:41]} Rc8 {[%emt 0:00:02]} 16. Rfe1 {[%emt 0:01:04]} Qe7 {[%emt 0:00:29]} 17. Nb1 {[%emt 0:02:09]} b5 {[%emt 0:00:26]} 18. b4 {[%emt 0:00:28]} Ba7 {[%emt 0:00:14]} 19. Rc1 {[%emt 0:00:17]} Bc4 {[%emt 0:00:13]} 20. Bxc4 {[%emt 0:00:44]} Rxc4 {[%emt 0:00:20]} 21. a4 {[%emt 0:00:15]} Rfc8 {[%emt 0:00:18]} 22. axb5 {[%emt 0:00:07]} axb5 23. Na3 {[%emt 0:00:07]} Rxe4 {[%emt 0:00:04]} 24. Qxb5 {[%emt 0:00:46]} Rxe1+ {[%emt 0:00:12]} 25. Bxe1 {[%emt 0:00:40]} d5 {[%emt 0:00:10]} 26. Bd2 {[%emt 0:00:54]} e4 {[%emt 0:00:03]} 27. Ne1 {[%emt 0:00:46]} e3 {[%emt 0:00:05]} 28. Bxe3 {[%emt 0:03:57]} Bxe3 {[%emt 0:00:02]} 29. Rd1 {[%emt 0:00:22]} Ba7 {[%emt 0:02:35]} 30. Qa6 {[%emt 0:00:24]} Re8 {[%emt 0:00:15]} 31. b5 {[%emt 0:00:22]} Qe2 {[%emt 0:00:12]} 32. Rb1 {[%emt 0:00:19]} Qxf2+ {[%emt 0:00:06]} 33. Kh1 {[%emt 0:01:19]} Qg1# {[%emt 0:00:08]} 0-1